|
|
|
|
| LEADER |
02045nam a2200433 a 4500 |
| 001 |
EBC809108 |
| 003 |
MiAaPQ |
| 005 |
20200520144314.0 |
| 006 |
m o d | |
| 007 |
cr cn||||||||| |
| 008 |
111212s2009 sz ac sb 000 0 eng d |
| 020 |
|
|
|z 9789222227006 (French)
|
| 020 |
|
|
|z 9789223227005 (Spanish)
|
| 020 |
|
|
|z 9789221227007
|
| 020 |
|
|
|a 9789221227014 (electronic bk.)
|
| 035 |
|
|
|a (MiAaPQ)EBC809108
|
| 035 |
|
|
|a (Au-PeEL)EBL809108
|
| 035 |
|
|
|a (CaPaEBR)ebr10512155
|
| 035 |
|
|
|a (OCoLC)767502536
|
| 040 |
|
|
|a MiAaPQ
|c MiAaPQ
|d MiAaPQ
|
| 050 |
|
4 |
|a HD5701.3
|b .I58 2009
|
| 111 |
2 |
|
|a International Labour Conference
|n (98th :
|d 2009 :
|c Geneva, Switzerland)
|
| 245 |
1 |
0 |
|a ILO Summit on the Global Jobs Crisis (Geneva, 15-17 June 2009)
|h [electronic resource] :
|b International Labour Conference, 98th session, 2009.
|
| 246 |
3 |
|
|a ILO Summit on the Global Jobs Crisis :
|b June 2009
|
| 246 |
3 |
1 |
|a Sommet de l'OIT sur la crise mondiale de l'emploi
|
| 246 |
3 |
1 |
|a Cumbre de la OIT sobre la crisis mundial del empleo
|
| 260 |
|
|
|a Geneva :
|b International Labour Office,
|c 2009.
|
| 300 |
|
|
|a xiii, 203 p. :
|b ill., port.
|
| 500 |
|
|
|a Also available in French: Sommet de l'OIT sur la crise mondiale de l'emploi ; in Spanish: Cumbre de la OIT sobre la Crisis Mundial del Empleo.
|
| 504 |
|
|
|a Includes bibliographical references.
|
| 505 |
0 |
|
|a pt. 1. Opening session -- pt. 2. Addresses by heads of state and government -- pt. 3. Summary of panel discussions -- pt. 4. Tripartite reflections on the Summit -- pt. 5. Closing statements.
|
| 533 |
|
|
|a Electronic reproduction. Ann Arbor, MI : ProQuest, 2015. Available via World Wide Web. Access may be limited to ProQuest affiliated libraries.
|
| 650 |
|
0 |
|a Global Financial Crisis, 2008-2009.
|
| 650 |
|
0 |
|a Labor market.
|
| 650 |
|
0 |
|a Economic policy.
|
| 655 |
|
4 |
|a Electronic books.
|
| 710 |
2 |
|
|a International Labour Organization.
|
| 710 |
2 |
|
|a ProQuest (Firm)
|
| 856 |
4 |
0 |
|u https://ebookcentral.proquest.com/lib/matrademy/detail.action?docID=809108
|z Click to View
|